000 00509nam a2200169 i 4500
001 89656
003 ES-MaACL
005 20230906180236.0
007 t|
008 050112s1911 sp ||||1| spa d
100 1 _aLasso.
_970472
245 1 0 _aContestaciones al programa para las oposiciones a oficiales cuartos de Gobernación /
_cpor Lasso Vela y Cárdenas.
260 _aMadrid :
_b[s.n.,
_c1911]
300 _a137 p. ;
_c18 cm.
500 _aEjemplar hecho en ciclostyle.
852 _aES-MaACL
_jB-12638
999 _c89656
_d89656